00357nam a22001337a 450000500170000000800410001702000180005804100080007608200190008410000250010324500480012826000390017630000080021520180202125436.0160427b xxu||||| |||| 00| 0 eng d a81-7808-574-7 aeng b00288a004.165 aMazidi, Muhammad Ali aThe 8051 Mcrocantroller and Embedded System aDelhibPearsons Educations, c2004 a434